| 000 | 01375nam a22003137a 4500 | ||
|---|---|---|---|
| 003 | DO-SdBNP | ||
| 005 | 20240322191158.0 | ||
| 007 | ta | ||
| 008 | 220707b2018 |||||||| |||| 00| 0 spa d | ||
| 020 | _a9789945015232 | ||
| 040 |
_aDO-SdBNP _bspa _cBNPHU |
||
| 082 | 4 |
_a304.87293 _bF673d, 2017 _222 |
|
| 110 | 2 |
_aFondo de Población de las Naciones Unidas _9447 |
|
| 245 | 1 | 0 |
_aDescendientes de inmigrantes en la República Dominicana / _cinvestigadora, Rosario Espinal; presentación Sonia Vásquez |
| 260 |
_aSanto Domingo : _bUNFPA, _c2018. |
||
| 300 |
_a140 p.: _bil., cuadros ; _c28 cm. |
||
| 500 | _aA la cabeza de la portada : Estudios complementarios de ENI 2017. Segunda Encuesta Nacional de Inmigrantes. | ||
| 504 | _aBibliografía : p.139-140 | ||
| 590 | _aInventariado, 2022 / SA | ||
| 650 | 4 |
_aHijos de inmigrantes _zRepública Dominicana _vEstadísticas _y2017 _981977 |
|
| 650 | 4 |
_aEncuestas demográficas _zRepública Dominicana _y2017 _982031 |
|
| 651 | 4 |
_aRepública Dominicana _xEmigración e Inmigración _vEncuestas _y2017 _981978 |
|
| 651 | 4 |
_aRepública Dominicana _xPoblación _vEstadísticas _y2017 _982030 |
|
| 700 | 1 |
_aEspinal, Rosario _d1955- _943869 |
|
| 700 | 1 |
_aVásquez, Sonia _922299 |
|
| 710 | 2 |
_aFondo de Naciones Unidas para Actividades en Materia de Población _952170 |
|
| 910 | _aValidado. Control de calidad MFF | ||
| 942 |
_2ddc _cLBS1 |
||
| 999 |
_c52159 _d52159 |
||